| 000 | 00317nam a22001337a 4500 | ||
|---|---|---|---|
| 020 | _qHB. | ||
| 040 | _cFIZZA ISHAQ | ||
| 082 |
_a006.37 _bSIM |
||
| 100 |
_aPRINCE, SIMON. _987398 |
||
| 245 |
_aCOMPUTER VISION / _cSIMON PRINCE. |
||
| 260 |
_aNEW YORK : _bCAMBRIDGE, _c2012. |
||
| 300 | _a580 P. ; | ||
| 942 |
_2ddc _cBK |
||
| 999 |
_c587511 _d587511 |
||